00307nam a2200121Ia 45000030006000000080041000060400015000471000015000622450037000772600042001145460012001560050017001680STCL150530s9999 xx 000 0 und d aSTCLcSTCL aBailey,S.K aAmerican Politics and Government bVoice of America Forum Lecturesc1965 aEnglish20220125165447.0